Návrh systému na získavanie informácií z databázy dokumentov s využitím princípov Retrieval-Augmented Generation

Salvato in:
Dettagli Bibliografici
Autore principale: Červeňanská, Tereza (Autore)
Altri autori: Kebísek, Michal (Relatore della tesi)
Natura: Manoscritto Libro
Lingua:slovacco
Pubblicazione: 2025
Soggetti:
Accesso online:http://is.stuba.sk/zp/portal_zp.pl?podrobnosti=183939
Tags: Aggiungi Tag
Nessun Tag, puoi essere il primo ad aggiungerne!!

MARC

LEADER 00000ntm a22000003a 4500
001 stuzp102351
003 SK-STU
005 20250614211208.5
007 ta
008 150427s2015----xo-----f-mn---000-0-slo-d
040 |a STU  |b slo 
041 0 |a slo 
100 1 |a Červeňanská, Tereza  |u 066000  |4 aut  |U MTF Materiálovotechnologická fakulta  |T MTF Ústav aplikovanej informatiky, automatizácie a mechatroniky  |X 111670  |U M6000  |Y 86  |7 111670 
242 0 1 |a Proposal of a system for retrieving information from a document database using Retrieval-Augmented Generation principles  |y eng 
245 1 0 |a Návrh systému na získavanie informácií z databázy dokumentov s využitím princípov Retrieval-Augmented Generation 
260 |c 2025 
650 4 |a Document Processing  |2 eng 
650 4 |a Large Language Models  |2 eng 
650 4 |a Semantic Search  |2 eng 
650 4 |a Natural Language Processing  |2 eng 
650 4 |a Retrieval-Augmented Generation  |2 eng 
650 4 |a Sémantické vyhľadávanie  |2 slo 
650 4 |a Spracovanie dokumentov  |2 slo 
650 4 |a Veľké jazykové modely  |2 slo 
650 4 |a Spracovanie prirodzeného jazyka  |2 slo 
650 4 |a Retrieval-Augmented Generation  |2 slo 
700 1 |a Kebísek, Michal  |u 066000  |k Z1  |4 ths  |U MTF Materiálovotechnologická fakulta  |T MTF Ústav aplikovanej informatiky, automatizácie a mechatroniky  |X 2798  |U M6000  |Y 86  |7 A000002798 
856 4 |u http://is.stuba.sk/zp/portal_zp.pl?podrobnosti=183939 
996 |c M* DP-15507  |l MMSKP  |s P  |a 0  |w stuzp102351_0001